000 01101nam a22002297a 4500
001 5805
003 FISKH
005 20250123092318.0
008 250123b cb ||||| |||| 00| 0 eng d
020 _a9780198392873
040 _aFISKH
_beng
_cFISKH
_dFISKH
050 _aPZ7
082 _a400
100 _aAkhurst, Chris
245 _aEnglish as a second language for Cambridge IGCSERG :
_bWorkbook /
_cBy Chris Arkhurst and Lucy Bowley
260 _aOxford :
_bOxford University Press ,
_c2014.
300 _a120 pages :
_bcolor illustrations, with CD ;
_c28 cm .
520 _aSupporting the Complete English as a Second Language for Cambridge IGCSE Student Book, and fully matched to the Cambridge IGCSE syllabus, this Workbook builds fluency and exam confidence. It provides rigorous practice in key skill areas, through varied and relevant activities that keepstudents engaged. Extra digital content gives students vital listening practice, preparing learners for complex tasks like "listening for inference".
700 _aBowley, Lucy
_eauthor
942 _2ddc
_cBK
_n0
999 _c5805
_d5805